000 00348nam a2200109Ia 4500
008 231129s9999||||xx |||||||||||||| ||spa||
082 _aER- 583
100 _aTaller Literario Molinos de Viento y Palabras. Colegio Augusto Zuluaga Patiño
245 0 _aPoesí­a cuento y fábula
264 _a[s.l.]: Editorial La Imprenta 2000
942 _2ddc
_cBKS
999 _c22937
_d22937